Geography Quiz

Random Geography or State Quiz

AZA Zoos and Aquariums by State Quiz Stats

 Plays Quiz not verified by Sporcle

Challenge
Share
Tweet
Embed
Score 0/48 Timer 10:00
0 Plays Today
% Correct
Arkansas
85.3%
Hawaii
85.3%
Idaho
85.3%
Arizona
82.7%
Michigan
82.7%
Georgia
81.3%
New Mexico
81.3%
Oklahoma
81.3%
Alabama
80%
California
80%
Florida
80%
Tennessee
80%
Missouri
78.7%
Maryland
77.3%
Ohio
77.3%
Kentucky
76%
Louisiana
76%
Mississippi
74.7%
Wisconsin
74.7%
District of Columbia
66.7%
Indiana
66.7%
Massachusetts
66.7%
Illinois
65.3%
Pennsylvania
64%
% Correct
Colorado
62.7%
Nevada
60%
Nebraska
58.7%
Washington
57.3%
Connecticut
56%
Minnesota
56%
New Jersey
56%
South Carolina
53.3%
Texas
52%
New York
50.7%
Rhode Island
50.7%
Alaska
48%
Iowa
48%
Delaware
46.7%
Utah
45.3%
Montana
44%
Kansas
42.7%
Oregon
42.7%
South Dakota
38.7%
Nortk Dakota
36%
Virginia
34.7%
New Hampshire
30.7%
North Carolina
29.3%
West Virginia
29.3%

You're not logged in!

Compare scores with friends on all Sporcle quizzes.
Join for Free
OR
Log In

You Might Also Like...

Show Comments

Extras

Top Quizzes Today


Score Distribution

Your Account Isn't Verified!

In order to create a playlist on Sporcle, you need to verify the email address you used during registration. Go to your Sporcle Settings to finish the process.

Report this User

Report this user for behavior that violates our Community Guidelines.

Details: